Revista de derecho procesal penal : alternativas a la prisión. Arresto domiciliario. Interés superior del niño /

Guardado en:
Otros Autores: Donna, Edgardo Alberto (Director), Ledesma, Angela Ester (Director)
Formato: Libro
Idioma:Spanish
Publicado: Santa Fe : Rubinzal Culzoni, 2016.
Edición:1a. ed.
Materias:
Etiquetas: Agregar Etiqueta
Sin Etiquetas, Sea el primero en etiquetar este registro!
LEADER 00649nam a22001695a 4500
001 DER.der013304
008 180615s2016####ag#||||||||||||||#||spa||
005 20251105161649.0
245 1 0 |a Revista de derecho procesal penal :  |b alternativas a la prisión. Arresto domiciliario. Interés superior del niño /  |c dirigido por Edgardo Alberto Donna y Angela Ester Ledesma. 
250 |a 1a. ed. 
260 |a Santa Fe :  |b Rubinzal Culzoni,  |c 2016. 
300 |a 622 p. 
020 |a 9789873006791 
700 1 |a Donna, Edgardo Alberto  |e director 
700 1 |a Ledesma, Angela Ester  |e director 
650 7 |a DERECHO PROCESAL PENAL 
859 |a DERECHO  |b BIB. DERECHO  |h 345  |i REV  |p 008236